Normal view
MARC view
- Issing, Otmar
Entry Personal Name
001 - CONTROL NUMBER
- control field: 40089
003 - CONTROL NUMBER IDENTIFIER
- control field: OSt
005 - DATE AND TIME OF LATEST TRANSACTION
- control field: 20160526133502.0
008 - FIXED-LENGTH DATA ELEMENTS
- fixed length control field: 160526|| aca||aabn | a|a d
040 ## - CATALOGING SOURCE
- Original cataloging agency: OSt
100 10 - HEADING--PERSONAL NAME
- Personal name: Issing, Otmar